| 000 | 00692nam a22002057a 4500 | ||
|---|---|---|---|
| 003 | OSt | ||
| 005 | 20250714092724.0 | ||
| 008 | 250714b |||||||| |||| 00| 0 eng d | ||
| 020 | _a9789719819530 | ||
| 040 |
_aDWC-Main Lib _cOC |
||
| 082 | _aFil. 155.935 G573d 2022 | ||
| 100 | _aGo- Monilla, Ma. Joycelyn A. | ||
| 245 |
_aDisaster and mental health/ _cMa. Joycelyn A. Go- Monilla |
||
| 260 |
_aQuezon City, Philippines : _bC&E Publishing Inc., _cc2022. |
||
| 300 |
_axv, 218 pages : _billustrations ; _c22cm. |
||
| 504 | _aIncludes bibliographical references. | ||
| 650 | _a1. Disaster psychology | ||
| 650 | _a2. Mental disorders (for clinical aspects) | ||
| 942 |
_2ddc _cBK - FIL _kFil. _n0 |
||
| 999 |
_c3664 _d3664 |
||